Carregant...

Hansna mana hai /

Dades bibliogràfiques
Autor principal: Agarwala, B. S.
Format: Printed Book
Idioma:Hindi
Publicat: Ahmedabad : Saahithya Bhaarathi , 1997.
Matèries:
LEADER 00475nam a2200145Ia 4500
008 150624b xxu||||| |||| 00| h hin d
082 |a 867.A1 
100 |a Agarwala, B. S. 
245 |c B. S. Agarwala  |a Hansna mana hai / 
260 |a Ahmedabad :  |b Saahithya Bhaarathi ,  |c 1997. 
546 |a In Hindi. 
650 |v Humor 
942 |c BK 
999 |c 93699  |d 93699 
952 |0 0  |1 0  |4 0  |6 867_000000000000000_A1_HAS  |7 0  |9 93641  |a UL  |b UL  |c ST1  |d 2012-10-27  |l 0  |o 867.A1 HAS  |p G7877  |r 2018-02-09  |w 2012-10-27  |y BK